000 00552nam a2200181Ia 4500
003 GCL
008 140319s9999 xx 000 0 ara d
040 _aGCL /
_cGCL
082 0 4 _a001.94
_bر ل
100 1 _aراجى عنايت
245 1 0 _aلعنة الفراعنة وهم ام حقيقة /
_cراجى عنايت
260 _aالقاهرة :
_bدار الشروق ،
_c1995
300 _a123 ص ؛
_c12 سم
490 _a
650 0 4 _aالحضارة المصرية القديمة
650 0 4 _aلعنة الفراعنة
942 _2ddc
_cBK
999 _c39763
_d39763